Quiz Seconde Guerre Mondiale - Statistiques

Statistiques générales
  • Ce quiz a été pris 24 fois
  • Le résultat moyen est 5 sur 9
Statistiques - réponses
Par images Réponse % Correct
Charles de Gaulle
100%
Joseph Staline
100%
Winston Churchill
100%
Lenin
71%
Benito Mussolini
62%
Hirohito
52%
Pierre Laval
33%
Edouard daladier
5%
Zog 1er
5%
Aucun quiz correspondant
Distribution des résultats
% des personnes avec chaque résultat
Percentile par nombre de réponses
Votre historique - résultats
Vous n’avez pas pris ce quiz